Teatro
Gorde:
| Egile nagusia: | |
|---|---|
| Formatua: | Liburua |
| Hizkuntza: | gaztelania |
| Argitaratua: |
Madrid
La Lectura
1917
|
| Saila: | Clásicos Castellanos, 35
|
| Gaiak: | |
| Etiketak: |
Etiketa erantsi
Etiketarik gabe, Izan zaitez lehena erregistro honi etiketa jartzen!
|
MARC
| LEADER | 00000nam a2200000 a 4500 | ||
|---|---|---|---|
| 001 | UCX5264 | ||
| 003 | CL-VaPUC | ||
| 008 | 921016e19170000SP |||||||||||||||||spa|d | ||
| 082 | 0 | 4 | |a 862 |b ROJ |2 21 |
| 100 | 0 | |a Rojas Zorrilla, Francisco de |e author |9 321548 | |
| 245 | 1 | 0 | |a Teatro |
| 300 | |a 280 p | ||
| 942 | |c BK | ||
| 945 | |d 19921016 00:00:00 | ||
| 260 | |a Madrid |b La Lectura |c 1917 | ||
| 650 | 0 | |a Dramas españoles |9 267081 | |
| 583 | |a last modification |c 19921016 00:00:00 |k Rodrigo Vera | ||
| 490 | 0 | |a Clásicos Castellanos, 35 | |
| 999 | |c 225557 |d 225555 | ||
| 952 | |0 0 |1 0 |4 0 |6 862_000000000000000_ROJ_1917 |7 0 |8 A |9 223165 |a FDOPOS |b FDOPOS |d 2019-11-15 |i 2920077 |o 862 ROJ 1917 |p 2920077 |r 2025-01-22 |w 2019-11-15 |y BK |k MLH | ||